[Event "2013 PHCC Championships"]
[Site "Port Huron, MI"]
[Date "2013.02.28"]
[Round "7"]
[White "Fiedler, Robert"]
[Black "Broyles, Thomas"]
[Result "0-1"]
[WhiteElo "1736"]
[BlackElo "1688"]
[PlyCount "70"]
[EventDate "2013.02.28"]
[EventType "tourn"]
[EventRounds "15"]

1. e4 e5 2. Nf3 Nc6 3. Bc4 Bc5 4. a3 d6 5. h3 Be6 6. Bxe6 fxe6 7. d3 Nf6 8. b4 Bb6 9. Nbd2 O-O 10. Nc4 Rf7 11. Ng5 Bxf2+ 12. Kf1 Nxe4 13. dxe4 Rf6 14. Nf3 Bd4 15. Bb2 Bxb2 16. Nxb2 Nd4 17. Nc4 Qd7 18. Ncd2 Raf8 19. c3 Nxf3 20. Nxf3 Qb5+ 21. Qe2 Qc6 22. c4 Rf4 23. Kg1 Rxe4 24. Qd3 Rxc4 25. Ng5 e4 26. Qe2 d5 27. h4 Rf4 28. Rh3 h6 29. Kh2 hxg5 30. hxg5 Qe8 31. Rh1 Qg6 32. Rh8+ Kxh8 33. Kg3+ Kg8 34. Kxf4 Qf5+ 35. Kg3 Qxg5+ 0-1

[Event "2013 PHCC Championships"]
[Site "Port Huron, MI"]
[Date "2013.02.28"]
[Round "7"]
[White "Jones, G. Avery"]
[Black "Gregg, Alan"]
[Result "1/2-1/2"]
[WhiteElo "1557"]
[BlackElo "1950"]
[Annotator "Doe,John"]
[PlyCount "87"]
[EventDate "2013.02.28"]
[EventType "tourn"]
[EventRounds "15"]

1. d4 f5 2. Nf3 Nf6 3. Bf4 e6 4. c4 Bb4+ 5. Bd2 Be7 6. Nc3 O-O 7. g3 b6 8. Bg2 Bb7 9. O-O Ne4 10. Nxe4 Bxe4 11. Qb3 d6 12. Rfd1 Nd7 13. Rac1 Bf6 14. Be3 Qe7 15. Bh3 Bxf3 16. exf3 g6 17. f4 Kh8 18. Qa4 a5 19. Bg2 Rad8 20. Qc2 e5 21. fxe5 dxe5 22. Bh6 Bg7 23. Bxg7+ Qxg7 24. Qc3 exd4 25. Rxd4 Nc5 26. Rxd8 Rxd8 27. Qxg7+ Kxg7 28. Bd5 Nd3 29. Rc2 Nb4 30. Re2 Nxd5 (30... Kf8 31. Re6 Nxd5 32. cxd5 Rxd5 33. Rc6 Rd7) 31. cxd5 Rxd5 32. Re7+ Kh6 33. Rxc7 Rd2 34. b3 Rxa2 35. Rb7 Rb2 36. Rxb6 a4 37. b4 a3 38. Ra6 a2 39. Kg2 f4 40. b5 Kg5 41. b6 fxg3 42. hxg3 h5 43. b7 Rxb7 44. Rxa2 1/2-1/2

[Event "2013 PHCC Championships"]
[Site "Port Huron, MI"]
[Date "2013.04.04"]
[Round "7"]
[White "Morabito, Matthew"]
[Black "Nowiski, Adam"]
[Result "1-0"]
[WhiteElo "1698"]
[BlackElo "900"]
[PlyCount "89"]
[EventDate "2013.04.04"]
[EventType "tourn"]
[EventRounds "15"]

1. e4 e5 2. Nf3 Nc6 3. Bc4 Nf6 4. O-O d5 5. exd5 Na5 6. Bb5+ c6 7. dxc6 bxc6 8. Ba4 Bd7 9. Qe2 Bd6 10. d4 O-O 11. Nc3 exd4 12. Nxd4 c5 13. Ndb5 Re8 14. Qd3 Be5 15. Bg5 Bxb5 16. Qxd8 Rexd8 17. Nxb5 Nc4 18. Bb3 Nd6 19. Nxd6 Rxd6 20. c3 h6 21. Be3 Rc6 22. h3 c4 23. Bd1 Rcc8 24. Bf3 Rab8 25. Rab1 a5 26. Rfe1 Bd6 27. Red1 Bc5 28. Bxc5 Rxc5 29. Rd4 Rbc8 30. Rbd1 Rb8 31. Rd8+ Rxd8 32. Rxd8+ Kh7 33. Rb8 Nd7 34. Rb7 Ne5 35. Be4+ g6 36. f4 Nd3 37. Bxd3 cxd3 38. Rxf7+ Kg8 39. Rd7 Rb5 40. b3 g5 41. fxg5 hxg5 42. Rxd3 Kg7 43. c4 Rb6 44. Rd5 Ra6 45. Rxg5+ 1-0

[Event "2013 PHCC Championships"]
[Site "Port Huron, MI"]
[Date "2013.04.04"]
[Round "7"]
[White "Wingrove, William"]
[Black "Rutkofske, Lonnie"]
[Result "0-1"]
[WhiteElo "1664"]
[BlackElo "1858"]
[PlyCount "42"]
[EventDate "2013.04.04"]
[EventType "tourn"]
[EventRounds "15"]

1. e4 Nf6 2. e5 Nd5 3. d4 b5 4. Nf3 c6 5. Be2 Nb6 6. O-O Bb7 7. a3 Na6 8. b4 Nc7 9. Nc3 a5 10. Bg5 Qc8 11. Ne4 axb4 12. axb4 e6 13. Nc5 Ncd5 14. Nxb7 Qxb7 15. Bd2 Bxb4 16. Bxb4 Nxb4 17. Rxa8+ Qxa8 18. Qb1 Qa3 19. Rc1 Na4 20. c4 Nc3 21. Qa1 Qxc1+ 0-1

[Event "2013 PHCC Championships"]
[Site "Port Huron, MI"]
[Date "2013.03.07"]
[Round "8"]
[White "Broyles, Thomas"]
[Black "Morabito, Matthew"]
[Result "0-1"]
[WhiteElo "1736"]
[BlackElo "1698"]
[PlyCount "144"]
[EventDate "2013.03.07"]
[EventType "tourn"]
[EventRounds "15"]

1. e4 c5 2. c3 d6 3. d4 cxd4 4. cxd4 Nf6 5. Nc3 e6 6. Nf3 Be7 7. Bd3 O-O 8. O-O Nc6 9. Be3 a6 10. Rc1 Bd7 11. Re1 b5 12. Ne2 Ng4 13. Bd2 e5 14. d5 Nd4 15. Nexd4 exd4 16. Nxd4 Qb6 17. Be3 Nxe3 18. fxe3 Bg5 19. Nc2 f5 20. exf5 Bxf5 21. Bxf5 Rxf5 22. Qd3 {Diagram } Re5 23. Re2 Rae8 24. Rce1 Qc5 25. Kh1 Rxd5 {Diagram } 26. Qb3 Kh8 27. Nb4 Rf5 28. Nxa6 Ref8 29. Qd1 Qd5 30. Qb1 Qxa2 31. h4 {Diagram } Qxb1 32. Rxb1 Bxh4 33. Kh2 Bf6 34. g3 Be5 35. Nc7 b4 36. Ne6 Rf2+ 37. Rxf2 Rxf2+ 38. Kh3 Bxb2 39. Rd1 Be5 40. Rc1 h5 41. Ng5 Rf8 42. Rc7 b3 $2 43. Nf7+ Kh7 44. Nxe5 dxe5 45. Rb7 Kg6 46. Rxb3 Kf5 47. Rb4 g5 48. g4+ hxg4+ 49. Kg3 Rh8 50. e4+ Kg6 51. Rb6+ Kh5 52. Re6 Ra8 53. Rxe5 Ra3+ 54. Kg2 g3 55. Re8 Kg4 56. e5 Ra2+ 57. Kg1 Re2 58. e6 Kf5 59. Rf8+ Kg6 {Diagram } 60. Rg8+ {[ The simple 60.Rf3 draws.]} Kf6 61. Rf8+ Kg7 62. Rf5 Kg6 63. Rf8 Rxe6 64. Rg8+ Kf5 65. Rf8+ Rf6 66. Rxf6+ $4 {[Keeping the Rooks on the board most likely insures a draw because at this point Matt had less than 4 minutes, while Tom had over 7 minutes remaining.]} Kxf6 67. Kg2 Kf5 68. Kxg3 g4 69. Kf2 Kf4 70. Kg2 g3 71. Kf1 Kf3 72. Kg1 g2 0-1

[Event "2013 PHCC Championships"]
[Site "Port Huron, MI"]
[Date "2013.03.07"]
[Round "8"]
[White "Gregg, Alan"]
[Black "Bedy, Noel"]
[Result "1-0"]
[WhiteElo "1950"]
[BlackElo "1618"]
[PlyCount "77"]
[EventDate "2013.03.07"]
[EventType "tourn"]
[EventRounds "15"]

1. c4 e5 2. Nc3 d6 3. g3 f5 4. Bg2 Nf6 5. d3 Be7 6. Nd5 O-O 7. e3 Nbd7 8. Ne2 c6 9. Nxe7+ Qxe7 10. O-O Nb6 11. b3 Be6 12. a4 a5 13. Ba3 Qc7 14. d4 Rfd8 15. Qc2 Qf7 16. Bb2 e4 17. Nf4 d5 18. c5 Nbd7 19. Bc3 Rdb8 20. Qd2 b6 21. cxb6 Rxb6 22. Bxa5 Rxb3 23. Qc2 Rbb8 24. Qxc6 Rxa5 25. Qxe6 Qxe6 26. Nxe6 Kf7 27. Nf4 Rb4 28. Rfc1 Rbxa4 29. Rxa4 Rxa4 30. Rc2 g5 31. Ne2 Ke6 32. Bf1 Kd6 33. Nc3 Ra5 34. Kg2 Ke7 35. Be2 Nb6 36. h3 Ra8 37. Rb2 Nfd7 38. Bb5 Nc4 39. Nxd5+ 1-0

[Event "2013 PHCC Championships"]
[Site "Port Huron, MI"]
[Date "2013.04.11"]
[Round "8"]
[White "Kulkarni, Artharva"]
[Black "Jones, G. Avery"]
[Result "0-1"]
[WhiteElo "900"]
[BlackElo "1557"]
[PlyCount "44"]
[EventDate "2013.04.11"]
[EventType "tourn"]
[EventRounds "15"]

1. e4 c6 2. Nc3 d5 3. f3 g6 4. b3 Bg7 5. exd5 cxd5 6. Bb5+ Nc6 7. Bb2 Nf6 8. d4 O-O 9. Nge2 Qb6 10. a4 Nh5 11. Ba3 Nf6 12. Bxe7 Re8 13. Nxd5 Nxd5 14. a5 Qc7 15. Ba3 Nc3 16. Qd3 Nxe2 17. Qxe2 Rxe2+ 18. Kxe2 Nxd4+ 19. Ke3 Nxc2+ 20. Kd2 Nxa1 21. Rxa1 Qc3+ 22. Ke2 Qxa1 0-1

[Event "2013 PHCC Championships"]
[Site "Port Huron, MI"]
[Date "2013.03.07"]
[Round "8"]
[White "Nowiski, Adam"]
[Black "Mariani, Gino"]
[Result "1-0"]
[WhiteElo "900"]
[BlackElo "1400"]
[Annotator "Rutkofske, Lonnie"]
[PlyCount "135"]
[EventDate "2013.03.07"]
[EventType "tourn"]
[EventRounds "15"]

1. e4 c6 2. d4 d5 3. e5 e6 4. Bd3 Nd7 5. Nf3 Be7 6. O-O c5 7. c3 c4 8. Be2 b5 9. Na3 Bxa3 10. bxa3 Ne7 11. a4 Qa5 12. axb5 Qxc3 13. Bd2 Qb2 14. a4 c3 15. Qc1 Qxc1 16. Bxc1 Bb7 17. a5 a6 18. bxa6 Bxa6 19. Bxa6 Rxa6 20. Ba3 Rxa5 21. Bxe7 $4 {[21...Ra1 was essential.]} Kxe7 $4 {[21...Ra1 was essential.]} 22. Rxa5 Rc8 23. Rc1 f6 24. exf6+ Nxf6 25. Ne5 Rc7 26. Ra6 Nd7 27. Nc6+ Kf6 28. Rxc3 e5 29. dxe5+ $2 {Diagram  [29.Ne5+ wins the R on c7!!]} Ke6 $4 30. f4 $4 {[Again!!!30.Nd4+ wins the R. It isnt very often that the this kind of error happens back to back!]} Nf8 31. Rd3 Ng6 32. g3 Kf5 33. Rf3 Rd7 34. Nb8 Rb7 35. Nc6 Rb1+ 36. Kf2 Rd1 37. Nb4 d4 38. e6 Ke4 39. Ra5 Rd2+ 40. Ke1 Rxh2 41. Rfa3 Rb2 42. Nc6 d3 43. e7 Re2+ 44. Kd1 Nxe7 45. Nxe7 Kf3 46. Ra2 Rxe7 47. Kd2 Rd7 48. Rg5 h6 49. Rg6 h5 50. Raa6 Rd4 51. Rad6 Re4 52. Rxd3+ Kg2 53. Rxg7 Kf2 54. Rh7 Re2+ 55. Kc3 Re6 56. Rxh5 Rg6 57. Rg5 Rf6 58. Kd2 Kg2 59. Rh5 Kf2 60. Rh2+ Kg1 61. Re2 Rf5 62. Rc3 Rd5+ 63. Ke3 Rd1 64. f5 Rf1 65. g4 Kh1 66. f6 Kg1 67. g5 Rf5 68. g6 1-0

[Event "2013 PHCC Championships"]
[Site "Port Huron, MI"]
[Date "2013.03.07"]
[Round "8"]
[White "Rutkofske, Lonnie"]
[Black "Fiedler, Robert"]
[Result "1-0"]
[WhiteElo "1858"]
[BlackElo "1688"]
[PlyCount "67"]
[EventDate "2013.03.07"]
[EventType "tourn"]
[EventRounds "15"]

1. c4 e5 2. Nc3 Nf6 3. d3 Be7 4. g3 O-O 5. Bg2 Nc6 6. e4 Nd4 7. Nge2 Bc5 8. O-O d6 9. h3 Rb8 10. Kh2 a6 11. f4 Nc6 12. f5 Bd7 13. g4 Nd4 14. Ng3 c6 15. g5 Ne8 16. Qh5 h6 17. gxh6 Nf6 18. Qg5 Ne8 19. hxg7 Nxg7 20. f6 Nde6 21. Qh6 Ne8 22. Rf5 Nf4 23. Bxf4 Bxf5 24. Nxf5 Qxf6 25. Bg5 Qxh6 26. Bxh6 Ng7 27. Bxg7 Rfe8 28. Bf3 Kh7 29. Bg4 Rg8 30. Bf6 Rbe8 31. Rf1 Re6 32. Ne7 Rxf6 33. Rxf6 Rg7 34. Bf5+ 1-0

[Event "2013 PHCC Championships"]
[Site "Port Huron, MI"]
[Date "2013.03.16"]
[Round "8"]
[White "Wilkinson, Stewart"]
[Black "Wingrove, William"]
[Result "1/2-1/2"]
[WhiteElo "1865"]
[BlackElo "1664"]
[PlyCount "46"]
[EventDate "2013.03.16"]
[EventType "tourn"]
[EventRounds "15"]

1. e4 c5 2. Nf3 d6 3. Bb5+ Bd7 4. Bxd7+ Qxd7 5. O-O Nc6 6. Re1 Nf6 7. c3 e5 8. d4 cxd4 9. cxd4 Be7 10. d5 Nb4 11. a3 Na6 12. Nc3 O-O 13. Be3 Rfc8 14. h3 Nc5 15. Bxc5 Rxc5 16. Qd3 Rac8 17. Nd2 a6 18. Qf3 Bf8 19. Nf1 Qe7 20. Ne3 g6 21. Rad1 Bg7 22. g4 b5 23. Kg2 Qb7 1/2-1/2

[Event "2013 PHCC Championships"]
[Site "Port Huron, MI"]
[Date "2013.03.14"]
[Round "9"]
[White "Boucher, David"]
[Black "Mariani, Gino"]
[Result "1-0"]
[WhiteElo "1439"]
[BlackElo "1400"]
[Annotator "Rutkofske, Lonnie"]
[PlyCount "85"]
[EventDate "2013.03.14"]
[EventType "tourn"]
[EventRounds "15"]

1. e4 c6 2. d4 d5 3. exd5 cxd5 4. c4 Nf6 5. Nc3 e6 6. c5 Nbd7 $2 {[6...Bc6 or even Bd7 was perferrable. There is no place for the QN to go from d7.]} 7. Nf3 Be7 8. Bb5 $2 {[ A tempo-waster...better was the immediate 8.Bd3....]} a6 9. Bd3 Ng4 $2 {[Black returns the favor...since the text yields no tactical or positional advantage.]} 10. Bf4 O-O 11. Ne5 $2 {Diagram  [Again, the text moves simplifies Blacks task of liquidation of his backward pieces; forcing liquidation of developed pieces decreases White's spacial advantage and loses the c pawn as well.]} Ngxe5 12. Bxe5 Nxe5 13. dxe5 d4 $4 {[A pawn is a pawn is a pawn!! If Black takes the c5 pawn, he has a passer and excellent winning prospects.]} 14. Na4 Qd5 $4 {[A serious blunder!! 15.Nb6 should secure a hefty advantage!]} 15. Qc2 $4 {[Say What????? These guys are suffering from a Mister Nice guy syndrome....what ever happened to dog eat dog??]} Qxe5+ 16. Be2 Rd8 17. O-O a5 18. Bb5 Bd7 19. Bxd7 Rab8 {[Black surrenders the piece, trying to avoid the fork at b6....but even with the fork at b6, if he takes the B on d7, returns his KR to d8, he down the exhange, but key white pieces are removed from play.]} 20. Bb5 Rd5 21. Bd3 Qh5 22. Be4 Rg5 23. Rad1 e5 24. Rd3 f5 25. Rh3 $4 {[Whoa, here we go again...simply 25...Qh3 !! should in the game.]} Qf7 26. Bd3 h6 27. Bc4 Qxc4 28. Qxc4+ Kh8 29. Qf7 Bf6 30. Rg3 {[The simple combination of 30.Rh6+, gh6 31.Qf6+ Kh7 32.Qe5 liquidates resistance nicely.]} Rxg3 31. fxg3 d3 32. h3 Bg5 33. Qxf5 Be3+ 34. Kh2 Bd4 35. Qxd3 Rc8 36. Rf5 Re8 37. Qf1 Kh7 38. Rf7 e4 39. h4 Re5 40. Qe2 Kg6 41. Rd7 Bxc5 42. Nxc5 Rxc5 43. Qxe4+ 1-0

[Event "2013 PHCC Championships"]
[Site "Port Huron, MI"]
[Date "2013.03.14"]
[Round "9"]
[White "Broyles, Thomas"]
[Black "Nowiski, Adam"]
[Result "1-0"]
[WhiteElo "1736"]
[BlackElo "900"]
[PlyCount "55"]
[EventDate "2013.03.14"]
[EventType "tourn"]
[EventRounds "15"]

1. e4 e5 2. Nf3 Nc6 3. Bb5 Bd6 4. c3 Nf6 5. d3 O-O 6. Nbd2 Be7 7. Nc4 d6 8. O-O Be6 9. Ne3 a6 10. Ba4 b5 11. Bb3 Bxb3 12. axb3 a5 13. c4 b4 14. Qd2 Nd7 15. Nf5 Bf6 16. g4 Qc8 17. h4 h6 18. Kh1 Nc5 19. Qd1 Ne6 20. Rg1 Ne7 21. g5 hxg5 22. hxg5 Nxf5 23. gxf6 Nfd4 24. Bh6 Nd8 25. Rxg7+ Kh8 26. Rg3 Rg8 27. Rxg8+ Kxg8 28. Qg1+ 1-0

[Event "2013 PHCC Championships"]
[Site "Port Huron, MI"]
[Date "2013.03.14"]
[Round "9"]
[White "Fiedler, Robert"]
[Black "Wilkinson, Stewart"]
[Result "0-1"]
[WhiteElo "1688"]
[BlackElo "1865"]
[PlyCount "60"]
[EventDate "2013.03.14"]
[EventType "tourn"]
[EventRounds "15"]

1. e4 e6 2. d4 d5 3. e5 c5 4. c3 Nc6 5. Nf3 Bd7 6. Be2 Nge7 7. O-O Ng6 8. Bg5 Be7 9. Bxe7 Qxe7 10. g3 cxd4 11. cxd4 O-O 12. Nc3 a6 13. a3 f6 14. Bd3 Be8 15. Re1 fxe5 16. Nxe5 Ncxe5 17. dxe5 Qc7 18. Bxg6 Bxg6 19. Rc1 Qb6 20. Qd2 Qa5 21. Ne4 Qxd2 22. Nxd2 Rfc8 23. f4 Rc6 24. Nb3 Rb6 25. Nc5 Rxb2 26. Nxe6 Be4 27. Nc5 Rg2+ 28. Kf1 Rxh2 29. Nxe4 dxe4 30. Rxe4 Rh1+ 0-1

[Event "2013 PHCC Championships"]
[Site "Port Huron, MI"]
[Date "2013.04.27"]
[Round "9"]
[White "Jones, G. Avery"]
[Black "Allen, Nathan"]
[Result "1-0"]
[WhiteElo "1575"]
[BlackElo "900"]
[Annotator "Doe,John"]
[PlyCount "75"]
[EventDate "2013.04.27"]
[EventType "tourn"]
[EventRounds "15"]

1. d4 d5 2. Nf3 Bg4 3. g3 Nf6 {[Best was 3...Bf3!]} 4. Bg2 e6 5. O-O Nc6 {[Usually 5....,c5 is needed here!]} 6. Bf4 Bd6 7. Bg5 h6 8. Be3 {[A waste of critical tempi!]} O-O 9. Nbd2 Ne4 10. Nxe4 dxe4 11. Nd2 f5 12. Nc4 f4 13. Nxd6 fxe3 14. Nxe4 Nxd4 15. f3 Bf5 16. c3 Nc6 17. Qb3 Qd5 18. c4 Qd4 19. Rad1 Qe5 20. f4 Qa5 21. Qxb7 Qb6 22. Qxb6 axb6 23. Nc3 Rad8 24. Bxc6 Rxd1 25. Rxd1 Rc8 26. Be4 Rb8 27. Bxf5 exf5 28. Kg2 c6 29. Kf3 b5 30. cxb5 cxb5 31. a3 b4 32. axb4 Rxb4 33. Rb1 g5 34. Kxe3 Kg7 35. Kf3 Kg6 36. e3 h5 37. Ne2 h4 {[And white won in a few moves.]} 38. Nd4 1-0

[Event "2013 PHCC Championships"]
[Site "Port Huron,MI"]
[Date "2013.03.14"]
[Round "9"]
[White "Morabito, Matthew"]
[Black "Rutkofske, Lonnie"]
[Result "1-0"]
[WhiteElo "1698"]
[BlackElo "1858"]
[PlyCount "82"]
[EventDate "2013.03.14"]
[EventType "tourn"]
[EventRounds "15"]

1. Nf3 d5 2. g3 Bg4 3. Bg2 Nc6 4. O-O e5 5. d3 Qd7 6. Nbd2 f6 7. c4 d4 8. a3 Nh6 9. b4 Nf7 10. c5 Bh3 11. Nc4 Bxg2 12. Kxg2 a6 13. e3 Be7 14. e4 Bd8 15. Nh4 Ne7 16. Bd2 g5 17. Nf3 h5 18. Rc1 Qe6 19. Na5 Rb8 20. Qb3 Qc8 21. c6 b6 22. Nb7 h4 23. Nxd8 Nxd8 24. a4 h3+ 25. Kh1 Qg4 26. Ng1 Qe6 27. Qxe6 Nxe6 28. f4 exf4 29. gxf4 g4 30. f5 Nd8 31. b5 Nf7 32. Bf4 Kd8 33. Rc4 Kc8 34. Rxd4 Rd8 35. Rxd8+ Kxd8 36. Ne2 axb5 37. axb5 Ra8 38. Nd4 Ne5 39. Ne6+ Kc8 40. Bxe5 fxe5 41. f6 Ng6 1-0

[Event "2013 PHCC Championships"]
[Site "Port Huron, MI"]
[Date "2013.03.14"]
[Round "9"]
[White "Wingrove, William"]
[Black "Gregg, Alan"]
[Result "0-1"]
[WhiteElo "1664"]
[BlackElo "1950"]
[PlyCount "40"]
[EventDate "2013.03.14"]
[EventType "tourn"]
[EventRounds "15"]

1. e4 d6 2. d4 Nf6 3. Nc3 g6 4. Bg5 Bg7 5. f4 O-O 6. Nf3 h6 7. Bh4 Na6 8. Be2 c5 9. Bf2 Ng4 10. O-O Nxf2 11. Rxf2 cxd4 12. Nb5 e5 13. c3 Nc5 14. Qc2 dxc3 15. Nxc3 exf4 16. Nd2 Bd4 17. Nc4 Be6 18. Qd2 Bxc3 19. Qxc3 Nxe4 20. Qf3 Nxf2 0-1

[Event "2013 PHCC Championships"]
[Site "Port Huron, MI"]
[Date "2013.03.21"]
[Round "10"]
[White "Bedy, Noel"]
[Black "Allen, Nathan"]
[Result "1-0"]
[WhiteElo "1618"]
[BlackElo "900"]
[PlyCount "61"]
[EventDate "2013.03.21"]
[EventType "tourn"]
[EventRounds "15"]

1. d4 d5 2. Nf3 Nc6 3. e3 Bg4 4. c3 Nf6 5. Nbd2 Ne4 6. Bd3 Nxd2 7. Bxd2 e6 8. h3 Bxf3 9. Qxf3 g6 10. e4 h5 11. e5 Bh6 12. Bxh6 Rxh6 13. Qe3 Rh8 14. h4 Ne7 15. O-O-O c6 16. Rdg1 Qa5 17. Kb1 O-O-O 18. g4 a6 19. gxh5 Rxh5 20. Rg5 Rxg5 21. hxg5 Nf5 22. Bxf5 gxf5 23. Rh7 Rf8 24. f4 Qa4 25. Qf3 Qc4 26. b3 b5 27. bxc4 bxc4 28. Qh5 a5 29. Rxf7 Rxf7 30. Qxf7 Kd8 31. g6 1-0

[Event "2013 PHCC Championships"]
[Site "Port Huron, MI"]
[Date "2013.01.31"]
[Round "10"]
[White "Gregg, Alan"]
[Black "Fiedler, Robert"]
[Result "1-0"]
[WhiteElo "1950"]
[BlackElo "1688"]
[PlyCount "99"]
[EventDate "2013.01.31"]
[EventType "tourn"]
[EventRounds "15"]

1. c4 e5 2. Nc3 Nc6 3. Nf3 Nf6 4. d3 h6 5. g3 d6 6. Bg2 Be7 7. O-O O-O 8. h3 Bd7 9. Kh2 Rb8 10. b3 a6 11. Ne1 Nh7 12. Nd5 Bg5 13. e3 Ne7 14. Nc3 c6 15. f4 exf4 16. gxf4 Bh4 17. e4 f5 18. Nf3 Ng6 19. e5 dxe5 20. fxe5 f4 21. d4 Bg3+ 22. Kh1 Rf5 23. Ne4 Nh4 24. Qc2 Nxf3 25. Bxf3 Ng5 26. Bg4 Rf8 27. Nxg3 Bxg4 28. hxg4 fxg3 29. Rxf8+ Qxf8 30. Qf5 Ne4 31. Be3 Qxf5 32. gxf5 Rf8 33. Rf1 h5 34. Kg2 h4 35. Rf4 Ng5 36. Rg4 Nh7 37. f6 Nxf6 38. exf6 Rxf6 39. Rxh4 b5 40. c5 Re6 41. Kf3 Rf6+ 42. Kxg3 Rf1 43. Rh2 Rf6 44. Rf2 Rg6+ 45. Kf3 Rf6+ 46. Ke4 Re6+ 47. Kd3 Kh7 48. Rf8 Rf6 49. Rxf6 gxf6 50. d5 1-0

[Event "2013 PHCC Championships"]
[Site "Port Huron, MI"]
[Date "2013.03.21"]
[Round "10"]
[White "Mariani, Gino"]
[Black "Kulkarni, Atul"]
[Result "0-1"]
[WhiteElo "1400"]
[BlackElo "1548"]
[PlyCount "78"]
[EventDate "2013.03.21"]
[EventType "tourn"]
[EventRounds "15"]

1. e4 Nc6 2. Nf3 e5 3. Nc3 a6 4. d4 exd4 5. Nxd4 Nxd4 6. Qxd4 c6 7. Bc4 b5 8. Qe5+ Qe7 9. Qxe7+ Bxe7 10. Be2 Bf6 11. Nd1 d6 12. c3 Ne7 13. Ne3 h5 14. a4 Bb7 15. O-O O-O 16. Bxh5 g6 17. Bg4 d5 18. f3 d4 19. cxd4 Bxd4 20. Rd1 c5 21. Kh1 f5 22. exf5 gxf5 23. Bh5 f4 24. Ng4 Rf5 $4 {Diagram  [Permits the fork 25.Nh6+ winning the exchange!]} 25. Re1 Kf8 26. Re6 Rxh5 27. Rf6+ $4 Bxf6 28. Nxf6 Rf5 29. Nd7+ Ke8 30. Nb6 Rd8 $3 {[ A nice choice preventing the White B access to d2 and threatening mate!]} 31. h3 Rf6 32. a5 Re6 33. Bxf4 Re2 34. b3 Nf5 35. Kh2 Bxf3 36. Rg1 Be4 37. Kh1 Rf2 38. Bg5 Rd3 39. h4 Rh3# 0-1

[Event "2013 PHCC Championships"]
[Site "Port Huron, MI"]
[Date "2013.03.21"]
[Round "10"]
[White "Morabito, Matthew"]
[Black "Wilkinson, Stewart"]
[Result "1/2-1/2"]
[WhiteElo "1698"]
[BlackElo "1865"]
[PlyCount "89"]
[EventDate "2013.03.21"]
[EventType "tourn"]
[EventRounds "15"]

1. e4 c5 2. Nf3 d6 3. Bb5+ Bd7 4. Bxd7+ Qxd7 5. O-O Nc6 6. Re1 Nf6 7. c3 g6 8. d4 cxd4 9. cxd4 Bg7 10. Nc3 O-O 11. h3 a6 12. Be3 b5 13. a3 a5 14. d5 Nd8 15. Qd3 Rb8 16. Rac1 b4 17. Ne2 Nb7 18. axb4 axb4 19. b3 Rfc8 20. Nd2 Rxc1 21. Rxc1 Rc8 22. Nc4 Qb5 23. Nd4 Nc5 24. Qb1 Qb7 25. Na5 Qd7 26. f3 e6 27. dxe6 fxe6 28. Nc4 Rd8 29. Rd1 Qe8 30. Nc2 d5 31. Bxc5 dxc4 32. bxc4 Rxd1+ 33. Qxd1 b3 34. Nd4 b2 35. Qb3 Qc8 36. Bb6 Nd7 37. Nxe6 Nxb6 38. Nxg7 Qc5+ 39. Kh1 Kxg7 40. Qxb2+ Kf7 41. Qh8 h5 42. Qh7+ Kf6 43. f4 Qxc4 44. Qh8+ Kf7 45. Qh7+ 1/2-1/2

[Event "2013 PHCC Championships"]
[Site "Port Huron, MI"]
[Date "2013.03.21"]
[Round "10"]
[White "Nowiski, Adam"]
[Black "Boucher, David"]
[Result "0-1"]
[WhiteElo "900"]
[BlackElo "1439"]
[PlyCount "56"]
[EventDate "2013.03.21"]
[EventType "tourn"]
[EventRounds "15"]

1. e4 e6 2. Nf3 d5 3. d3 dxe4 4. dxe4 Qxd1+ 5. Kxd1 Bc5 6. Be3 Bxe3 7. fxe3 Nc6 8. Nc3 a6 9. Bd3 e5 10. Kd2 f6 11. Rad1 Be6 12. b3 Rd8 13. Kc1 Nh6 14. Na4 b5 15. Nc5 Bf7 16. c4 bxc4 17. Bxc4 Bxc4 18. bxc4 Nb4 19. Kb2 Ke7 20. h3 Rb8 21. Nd7 Rbd8 22. Nc5 Rd6 23. Kb3 a5 24. Nb7 a4+ 25. Ka3 Rb6 26. Nc5 Nc2+ 27. Kxa4 Ra8+ 28. Na6 Raxa6# 0-1

[Event "2013 PHCC Championships"]
[Site "Port Huron,MI"]
[Date "2013.03.21"]
[Round "10"]
[White "Rutkofske, Lonnie"]
[Black "Broyles, Thomas"]
[Result "1-0"]
[WhiteElo "1850"]
[BlackElo "1736"]
[PlyCount "143"]
[EventDate "2013.03.21"]
[EventType "tourn"]
[EventRounds "15"]

1. c4 e5 2. Nc3 c6 3. Nf3 d6 4. d4 exd4 5. Qxd4 c5 6. Qe4+ Qe7 7. Bf4 Nf6 8. Qxe7+ Bxe7 9. e4 O-O 10. h3 Rd8 11. Be2 a6 12. O-O Bd7 13. Rfe1 Nc6 14. Rad1 Be6 15. Bf1 Rd7 16. Na4 Rdd8 17. Nb6 Rab8 18. Bh2 Ne8 19. Rd2 f6 20. Nd5 Bf8 21. Nf4 Bf7 22. Red1 Be7 23. b3 Rd7 24. Nd3 b6 25. g4 Bg6 26. Re1 Bf8 27. Nh4 Bf7 28. Bg2 Re7 29. Nf5 Rd7 30. f4 g6 31. Ng3 Nd4 32. Ne2 Nc6 33. Red1 Rbd8 34. Nf2 Bh6 35. Rd3 Nb4 36. R3d2 Bf8 37. h4 Be7 38. Bg3 b5 39. cxb5 axb5 40. Nc3 Rb8 41. Bf1 c4 42. a3 Nc6 43. b4 Nc7 44. Bg2 Rbd8 45. g5 f5 46. exf5 d5 47. f6 Bf8 48. Bh3 d4 49. Bxd7 dxc3 50. Rc2 Nb8 51. Bg4 Rxd1+ 52. Nxd1 Nd5 53. f5 Nc6 54. Kf2 Nd4 55. Rxc3 Nxc3 56. Nxc3 gxf5 57. Bd1 h6 58. Be5 Nc6 59. Bf4 hxg5 60. hxg5 Nd4 61. Be3 Ne6 62. Nxb5 f4 63. Bd2 Kh7 64. Nc3 Kg6 65. Ne4 Be8 66. Bc2 Nd4 67. Bb1 Bb5 68. Bxf4 Kf5 69. Bd6 Bxd6 70. Nxd6+ Kxg5 71. Nxb5 Nxb5 72. f7 1-0

[Event "2013 PHCC Championships"]
[Site "Port Huron, MI"]
[Date "2013.03.28"]
[Round "11"]
[White "Broyles, Thomas"]
[Black "Wilkinson, Stewart"]
[Result "0-1"]
[WhiteElo "1736"]
[BlackElo "1865"]
[PlyCount "50"]
[EventDate "2013.03.28"]
[EventType "tourn"]
[EventRounds "15"]

1. e4 e6 2. d4 d5 3. e5 c5 4. c3 Nc6 5. Nf3 Bd7 6. Bb5 Nxe5 7. Bxd7+ Nxd7 8. O-O Ngf6 9. Bg5 Be7 10. Nbd2 O-O 11. Ne5 Nxe5 12. dxe5 Nd7 13. Nf3 Bxg5 14. Nxg5 Qxg5 15. f4 Qe7 16. Rf3 f6 17. Rh3 fxe5 18. fxe5 Rf5 19. Qc2 g6 20. Rg3 Raf8 21. h3 Qf7 22. h4 Rf1+ 23. Rxf1 Qxf1+ 24. Kh2 Qf4 25. h5 Rf5 0-1

[Event "2013 PHCC Championships"]
[Site "Port Huron, MI"]
[Date "2013.03.28"]
[Round "11"]
[White "Jones, G. Avery"]
[Black "Mariani, Gino"]
[Result "1-0"]
[WhiteElo "1557"]
[BlackElo "1400"]
[PlyCount "37"]
[EventDate "2013.03.28"]
[EventType "tourn"]
[EventRounds "15"]

1. d4 Nf6 2. Nf3 d6 3. Nc3 c6 4. g3 g6 5. Bg2 Bg7 6. O-O O-O 7. Re1 Be6 8. e4 Bg4 9. Bg5 Nbd7 10. Qd3 b5 11. a3 a6 12. h3 Be6 13. Rad1 Bc4 14. Qd2 Rb8 15. b3 Be6 16. e5 Ne8 17. exd6 f6 18. Rxe6 fxg5 19. dxe7 1-0